000 00889nas a2200325 4500
001 BR2012008061
003 BR-BrBNA
005 20231205121538.0
007 ta
008 230509b bl.|||p| |||| 00| 00por d
040 _aBR-BrBNA
_bpor
_cBiblioteca Nacional de Agricultura
072 _aL01; F70
100 1 _aConde, M. de M.S.
100 1 _aSilva, I.M.
100 1 _aSomner, G.V.
100 1 _aSilva, D.da
245 1 _aFlora apícola da área em torno da represa de Ribeirão das Lajes - Rio de Janeiro.
650 _aRIO DE JANEIRO
650 _aAPICULTURA
650 _aFLORA
650 _aABELHA
650 _aESPÉCIE
650 _aMEL
650 _aRECURSO NATURAL
650 _aPÓLEN
650 _aNECTAR
773 0 _t
_xISSN 0104-7264
_g(Dec 1995), v. 17(2), p. 41-48
_wBR2012008061
909 _a202311
_bLúcia
_c55
_dLúcia Elande
942 _2AGRIS
_n0
_cANA
999 _c224053
_d224053